书目信息 |
| 题名: |
建筑钢笔画
|
|
| 作者: | 王同申 , 乐嘉龙 编 | |
| 分册: | ||
| 出版信息: | 北京 冶金工业出版社 1988.03 |
|
| 页数: | 134页 | |
| 开本: | 19cm | |
| 丛书名: | ||
| 单 册: | ||
| 中图分类: | J221.9 | |
| 科图分类: | ||
| 主题词: | 绘画--中国 | |
| 电子资源: | ||
| ISBN: | 7-5024-0028-1 | |
| 000 | 00594nam0 2200205 450 | |
| 001 | 0732229366 | |
| 005 | 20071211085921.71 | |
| 010 | @a7-5024-0028-1@dCNY2.10 | |
| 100 | @a20071211d1988 km y0chiy0120 ea | |
| 101 | 0 | @achi |
| 102 | @aCN@b110000 | |
| 200 | 1 | @a建筑钢笔画@Ajian zhu gang bi hua@f王同申,乐嘉龙编@Fwang tong shen,yue jia long bian |
| 210 | @a北京@c冶金工业出版社@d1988.03 | |
| 215 | @a134页@d19cm | |
| 606 | 0 | @a绘画@x中国 |
| 690 | @aJ221.9@v4 | |
| 701 | 0 | @a王同申@Awang tong shen@4编 |
| 701 | 0 | @a乐嘉龙@Ayue jia long@4编 |
| 801 | 0 | @aCN@bPFT@c20071211 |
| 905 | @aBZT@dJ221.9@e9 | |
| 建筑钢笔画/王同申,乐嘉龙编.-北京:冶金工业出版社,1988.03 |
| 134页;19cm |
| ISBN 7-5024-0028-1:CNY2.10 |
| ● |
| 相关链接 |
|
|
|
正题名:建筑钢笔画
索取号:J221.9/9
 
预约/预借
| 序号 | 登录号 | 条形码 | 馆藏地/架位号 | 状态 | 备注 |
| 1 | 006297 | 200838834 | 中心书库中库/ 中库017架B面4列1层8/ [索取号:J221.9/9] | 在馆 | |
| 2 | 006298 | 200838807 | 中心书库中库/ 中库017架A面5列1层33/ [索取号:J221.9/9] | 在馆 |